Europäische Länder - Eine WM Teilnahme - Statistiken

Allgemein
  • Dieses Quiz wurde 107 mal gespielt
  • Das Durchschnittsergebnis liegt bei 2 aus 5
Antwortstatistiken
WM Nation % Korrekt
2018 Island
75%
2014 Bosnien und Herzegowina
61%
2010 Slowakei
51%
2006 Ukraine
45%
2006 Tschechien
16%
Keine übereinstimmenden Quizze gefunden
Verteilung der Resultate
Anzahl Personen mit jedem Resultat
Perzentil nach korrekt beantworteten Fragen
Ihre Resultats-Entwicklung
Sie haben dieses Quiz noch nicht gespielt